| 000 | 00445nam a22001457a 4500 | ||
|---|---|---|---|
| 008 | 140113b xxu||||| |||| 00| 0 eng d | ||
| 050 | _aNA958.S6 | ||
| 100 |
_aSmith, George Everard Kidder _96560 |
||
| 245 | _aThe new architecture of Europe | ||
| 260 |
_aHarmondsworth _bPenguin Books _c1962 |
||
| 300 |
_a349p. _c20cm |
||
| 650 |
_aArchitecture - Europe _96561 |
||
| 650 |
_aArchitecture, Modern - 20th century _96562 |
||
| 942 |
_2lcc _cMONOGRAPH |
||
| 999 |
_c119536 _d119536 |
||